000 00686nam a2200289Ia 4500
005 20260324123647.0
008 008 260324s9999 xx 000 0 eng d
020 _a9780429484193
037 _aEBOOK
040 _aCRL
040 _beng
040 _cCRL
041 _2eng
041 _aeng
084 _qCRL
100 _aBarbara Fletchman Smith
_91171156
245 0 _aTranscending the Legacies of Slavery
245 2 _bA Psychoanalytic View
260 _bTaylor and Francis
260 _c2011
365 _a
365 _b205
856 _uhttp://www.taylorfrancis.com/books/9780429484193
942 _cEBOOK
999 _c1764874
_d1764874